Nom de groupes par synonyme #1 - Statistiques

Statistiques générales
  • Ce quiz a été pris 349 fois
  • Le résultat moyen est 6 sur 15
Statistiques - réponses
Synonyme Nom du groupe % Correct
The Gendarme The Police
91%
Pistols N' Flowers Guns N' Roses
71%
Ex Cambodge, Laos et Vietnam Indochine
68%
Locomotive Train
48%
Sombre envie Noir désir
47%
Mobile Téléphone
47%
Nourisson châtains foncés BB Brunes
45%
Souris Disney en relief Mickey 3D
44%
Inspiratrice d'un artiste Muse
40%
Mégacar Superbus
28%
Sovereign Queen
20%
Les femmes noires couleurs herbes Les négresses vertes
18%
Béatitude Nirvana
15%
Grouille Au gout du jour Dépêche Mode
11%
Ultime INCESTE AVEC MAMAN Suprême NTM
4%
Aucun quiz correspondant
Distribution des résultats
% des personnes avec chaque résultat
Percentile par nombre de réponses
Votre historique - résultats
Vous n’avez pas pris ce quiz